00501nam a2200181Ia 4500008004100000020001800041041000800059082002100067100001600088245004600104250001200150260002200162300002800184365001600212700001600228906005600244999001900300230714s9999 xx 000 0 und d a9780000000000 aeng a621.3815'3 bNEA aNeamen D.A. aElectronic Circuits bAnalysis And Design a3rd ed. c2019bMcGraw Hill a1351dRef 893 E (27043) cRs.b840.00 aNeamen D.A. dO:0526118-Aug-2016B:IN 74728-Jul-2016cETC b5896.8 c218602d218602